Théorie du vélocipède ; [suivi de] Sur les lois de l'écoulement de la vapeur / par J. Macquorn-Rankine ; traduit par J.-B. Viollet ; revue par M. l'abbé François Moigno. (Record no. 158424)

MARC details
000 -LEADER
campo de control de longitud fija 00971nam a22002415i 4500
001 - NÚMERO DE CONTROL
campo de control 158424
003 - IDENTIFICADOR DE NÚMERO DE CONTROL
campo de control ES-MaACL
005 - FECHA Y HORA DE LA ÚLTIMA TRANSACCIÓN
campo de control 20250927114715.0
008 - DATOS DE LONGITUD FIJA--INFORMACIÓN GENERAL
campo de control de longitud fija 970605s1870 fr |||| | fre d
040 ## - FUENTE DE CATALOGACIÓN
Centro catalogador/agencia de origen CLM
Lengua de catalogación spa
Centro/agencia transcriptor CCPB | SIC
100 1# - ENTRADA PRINCIPAL--NOMBRE DE PERSONA
Nombre de persona Macquorn Rankine, William John (
Fechas asociadas al nombre 1820-1872)
9 (RLIN) 129303
245 10 - MENCIÓN DEL TÍTULO
Título Théorie du vélocipède ; [suivi de] Sur les lois de l'écoulement de la vapeur / par J. Macquorn-Rankine ; traduit par J.-B. Viollet ; revue par M. l'abbé François Moigno.
260 ## - PUBLICACIÓN, DISTRIBUCIÓN, ETC.
Lugar de publicación, distribución, etc. Paris :
Nombre del editor, distribuidor, etc. Gauthier-Villars,
Fecha de publicación, distribución, etc. 1870 (
Fabricante Imprimerie Walder)
300 ## - DESCRIPCIÓN FÍSICA
Extensión 56 p. ;
Dimensiones 18 cm.
490 1# - MENCIÓN DE SERIE
Mención de serie Mélanges scientifiques ;
Designación de volumen o secuencia 1
650 #4 - PUNTO DE ACCESO ADICIONAL DE MATERIA--TÉRMINO DE MATERIA
Término de materia o nombre geográfico como elemento de entrada Bicicletas.
9 (RLIN) 135689
650 #4 - PUNTO DE ACCESO ADICIONAL DE MATERIA--TÉRMINO DE MATERIA
Término de materia o nombre geográfico como elemento de entrada Vapor.
9 (RLIN) 136973
700 1# - ENTRADA AGREGADA--NOMBRE PERSONAL
Nombre de persona Viollet, Jean-Baptiste.
9 (RLIN) 151545
700 1# - ENTRADA AGREGADA--NOMBRE PERSONAL
Nombre de persona Moigno, François,
Fechas asociadas al nombre 1804-1884
9 (RLIN) 130010
830 0# - PUNTO DE ACCESO ADICIONAL DE SERIE-TÍTULO UNIFORME
Título uniforme Mélanges scientifiques ;
Designación de volumen o secuencia 1
9 (RLIN) 221854
852 ## - LOCALIZACIÓN
Ubicación ES-MaACL
Número de control de estantería T-632-F-5
Nota libre -- Enc. hol.
-- -- Enc. en un vol. facticio
Holdings
Estatus retirado Estado de pérdida Estado de daño No para préstamo Colección Biblioteca de origen Biblioteca actual Ubicación en estantería Fecha de adquisición Total de préstamos Signatura topográfica completa Código de barras Visto por última vez Precio de reemplazo Tipo de ítem Koha
        Colección de folletos Biblioteca del Ateneo de Madrid Biblioteca del Ateneo de Madrid Depósito folletos 17/01/2008   T-632-F-5 1165810 23/02/2023 23/02/2023 Folleto